000 00737nam a2200205 i 4500
001 158601
003 ES-MaACL
005 20250817210337.0
008 931025s1896 fr |||| | fre d
100 1 _aManaseina, Mar'ía Mikhaîlovna.
_9129407
245 1 3 _aLe sommeil
_b: tiers de notre vie : pathologie, physiologie, hygiène, psychologie /
_cMarie de Manacéíne ; traduit du russe... par Ernest Jaubert.
260 _aParis :
_bG. Masson,
_c1896 (
_eCorbeil :
_fImpr. Ed. Crété)
300 _a358 p. ;
_c19 cm.
594 _aAutor precede a tít.
650 0 4 _aSueño.
_917251
700 1 _aJaubert, Ernest,
_d1856-1942
_9128280
852 _aES-MaACL
_jD-1249
_z-- Rust.
999 _c158601
_d158601